Physics :Calculus / (Record no. 60537)
[ view plain ]
| 000 -LEADER | |
|---|---|
| fixed length control field | 01954cam a2200337 a 4500 |
| 001 - CONTROL NUMBER | |
| control field | 2158107 |
| 003 - CONTROL NUMBER IDENTIFIER | |
| control field | NUST-PNEC |
| 005 - DATE AND TIME OF LATEST TRANSACTION | |
| control field | 20170116180700.0 |
| 008 - FIXED-LENGTH DATA ELEMENTS--GENERAL INFORMATION | |
| fixed length control field | 990519s2000 caua 001 0 eng |
| 010 ## - LIBRARY OF CONGRESS CONTROL NUMBER | |
| LC control number | 99032079 |
| 020 ## - INTERNATIONAL STANDARD BOOK NUMBER | |
| International Standard Book Number | 0534362702 |
| 020 ## - INTERNATIONAL STANDARD BOOK NUMBER | |
| International Standard Book Number | 053437350X |
| 020 ## - INTERNATIONAL STANDARD BOOK NUMBER | |
| International Standard Book Number | 053437400X |
| 040 ## - CATALOGING SOURCE | |
| Original cataloging agency | DLC |
| Transcribing agency | PNEC |
| 050 00 - LIBRARY OF CONGRESS CALL NUMBER | |
| Classification number | QC21.2 |
| Item number | .H43 2000 |
| 082 00 - DEWEY DECIMAL CLASSIFICATION NUMBER | |
| Classification number | 530 HEC |
| 100 1# - MAIN ENTRY--PERSONAL NAME | |
| Personal name | Hecht, Eugene. |
| 245 10 - TITLE STATEMENT | |
| Title | Physics :Calculus / |
| Statement of responsibility, etc. | Eugene Hecht. |
| 250 ## - EDITION STATEMENT | |
| Edition statement | 2nd ed. |
| 260 ## - PUBLICATION, DISTRIBUTION, ETC. | |
| Place of publication, distribution, etc. | Pacific Grove, CA : |
| Name of publisher, distributor, etc. | Brooks/Cole, |
| Date of publication, distribution, etc. | c2000. |
| 300 ## - PHYSICAL DESCRIPTION | |
| Extent | 2 v. : |
| Other physical details | ill. (some col.) ; |
| Dimensions | 29 cm. + |
| Accompanying material | 2 computer laser optical discs (4 3/4 in.) |
| 500 ## - GENERAL NOTE | |
| General note | Includes indexes. http://www.amazon.com/Physics-Calculus-CD-ROM-Eugene-Hecht/dp/0534362702/ref=sr_1_1?ie=UTF8&qid=1410167068&sr=8-1&keywords=0534362702 |
| 538 ## - SYSTEM DETAILS NOTE | |
| System details note | System requirements for accompanying computer discs: Windows 95, 98, NT or higher (3.1 not supported); Intel Pentium (or equivalent) and higher; 24MB RAM (32MB recommended); monitor 800x600 resoultion, minimum 256 colors; CD-ROM drive quad speed or higher; browser, MSIE 4.01 or higher, Netscape 4.06 or higher, installer for MSIE 5.0 on disc; plug-ins, Shickwave 7 or higher -- Macintosh; Mac OS 7.6 or higher; Power PC and higher (68040 not supported); 32MB RAM recommended; monitor 800x600 resolution, minimum 256 colors; CD-ROM drive quad speed or higher; browser MSIE 4.5 or higher (Netscape not supported), installer for MSIE 5.0 on disc; plug-ins Shockwave 7 or higher; Java requires MRJ 2.1.2 or higher. |
| 650 #0 - SUBJECT ADDED ENTRY--TOPICAL TERM | |
| Topical term or geographic name entry element | Physics. |
| General subdivision | ME |
| 650 #0 - SUBJECT ADDED ENTRY--TOPICAL TERM | |
| Topical term or geographic name entry element | Calculus. |
| 650 #0 - SUBJECT ADDED ENTRY--TOPICAL TERM | |
| Topical term or geographic name entry element | Mathematical physics. |
| 906 ## - LOCAL DATA ELEMENT F, LDF (RLIN) | |
| a | 7 |
| b | cbc |
| c | orignew |
| d | 1 |
| e | ocip |
| f | 19 |
| g | y-gencatlg |
| 942 ## - ADDED ENTRY ELEMENTS (KOHA) | |
| Source of classification or shelving scheme | |
| Koha item type | Book |
| Withdrawn status | Lost status | Source of classification or shelving scheme | Damaged status | Not for loan | Permanent Location | Current Location | Date acquired | Source of acquisition | Cost, normal purchase price | Total Checkouts | Full call number | Barcode | Date last seen | Cost, replacement price | Price effective from | Koha item type | Shelving location | Date last checked out |
|---|---|---|---|---|---|---|---|---|---|---|---|---|---|---|---|---|---|---|
| Pakistan Navy Engineering College (PNEC) | Pakistan Navy Engineering College (PNEC) | 06/18/2005 | Abrar & Sons | 5307.00 | 530 HEC | PNECLIB-026929 | 09/08/2014 | 5307.00 | 06/18/2005 | Book | ||||||||
| Pakistan Navy Engineering College (PNEC) | Pakistan Navy Engineering College (PNEC) | 1 | 530 HEC | PNECLIB-025614 | 11/10/2016 | Book | 11/10/2016 |
